000 00490nam a2200157 a 4500
001 000030043
005 20200930060009.0
008 110428s1981 dr ac 000 0 spa d
040 _aDO-SdBNP
_bspa
_cBNPHU
082 _axxx
_bB496e
100 1 _aBergés G., Frederich
_956754
245 1 0 _aEconomistas contemporáneos /
_cFrederich Bergés G.
260 _aSanto Domingo :
_bFondo para el Avance de las Ciencias Sociales,
_c1981.
300 _a32 p. :
_bil., retr. ;
_c21 cm.
049 _aBNPD
999 _c29535
_d29535